000 00953cad a22002415a 4500
001 E151753
008 101207s2010 xxk f 100 0 eng d
020 _a9781842196199
035 _a(Sirsi) u151753
041 0 _aeng
100 1 _aCerimagic, Sabina
111 2 _aConstruction and Building Research Conference
_cDauphine Universite, Paris
_d2-3 September 2010
245 0 0 _aCross cultural project management characteristics between Australia and the United Arab Emirates
_h[electronic resource]
260 _aLondon
_bRICS
_c2010
520 _aA paper presented at the COBRA Conference in Paris on 2-3 September 2010.
590 _aKA
650 2 4 _aCONSTRUCTION AND BUILDING RESEARCH CONFERENCE (COBRA)
651 4 _aAustralia
651 4 _aUnited Arab Emirates
690 _aProject management
_96261
856 4 0 _uhttps://www.rics.org/site/scripts/download_info.aspx?fileID=7857&categoryID=720
_zBroken link - not available
942 _n0
999 _c111595
_d111595